000 00441nam a2200145Ia 4500
008 220216s9999 xx 000 0 und d
100 _aSaengruksawong Chakarn
_cet al
245 0 _aRubber growths and carbon stocks in rubber plantations on two soil series in Northeastern Thailand
260 _bRubber International
_c2012
300 _a14-26
650 _aCarbon stock
650 _aRubber plantation
650 _aThailand
942 _cJS
999 _c67642
_d67642